| 000 | 00645nam a22001817a 4500 | ||
|---|---|---|---|
| 003 | OSt | ||
| 005 | 20201127081100.0 | ||
| 008 | 201127b 2011 dr 00| 0 eng d | ||
| 020 | _a9789945005073 | ||
| 040 |
_aDO-SdBNP _bspa _cBNPHU |
||
| 100 | 1 |
_aLa Mur, Juan _934961 |
|
| 245 | 1 | 0 |
_aDel caparazón al corazón : _bde cómo una simple tortuga liberó su carga y vivió para disfrutarlo / _cJuan La Mur. |
| 260 |
_aSantiago de los Caballeros, República Dominicana : _bEditora Premium, _c2011. |
||
| 300 |
_a261 p. ; _c19 cm |
||
| 500 | _aIncluye datos del autor en la solapa de la cubierta. | ||
| 590 | _aInventariado, 2020 /LP | ||
| 942 |
_2ddc _cLBS1 |
||
| 999 |
_c49217 _d49217 |
||